• 首页
  • 本馆介绍
  • 公告通知
  • 最新文献
  • 馆藏检索
  • 电子资源
  • 读者导购
  • 参考咨询
  • 我的图书馆
  • 登录
  • 详细信息显示
  • 放入我的书架
  • 预约/预借图书
  • 作者相关作品
  • 分类相关作品
  • 丛书相关作品
  • 出版社相关作品

书目信息

  • 表格格式
  • 工作单格式
  • 卡片格式
题名:
现代民治政体
    
 
作者: 布赖斯 , Bryce 著 ;张慰慈 译
分册: 上  
出版信息: 长春   吉林人民出版社  2005
页数: 394页
开本: 20cm
丛书名: 人文译丛
单 册:
中图分类: D521
科图分类:
主题词: 政治制度--研究--世界--现代 , 政治制度
电子资源:
ISBN: 7-206-03621-X
000 01050oam2 2200313 45
001 012006041501
005 20070708145928.00
010    @a7-206-03621-X@dCNY87.80(上中下)
092    @aCN@b474999
100    @a20060415d2005 em y0chiy0110 ea
101 1  @achi@ceng
102    @aCN@b220000
105    @ay z 000yy
200 1  @a现代民治政体@9xian dai min zhi zheng ti@h上@f(英)詹姆斯·布赖斯(James Bryce)著@g张慰慈等译
205    @a2版
210    @a长春@c吉林人民出版社@d2005
215    @a394页@d20cm
225 2  @a人文译丛
330    @a本书著者基于自己的从政经验与考察结论,对法国、瑞士、加拿大、美国、澳大利亚、新西兰六国民主政体进行了深刻的分析,对民主体制的内涵、趋势、优点与劣势进行了全面的概括。
461  0 @12001 @a人文译丛
510 1  @aModern Democracies@zeng
606 0  @a政治制度@x研究@y世界@z现代
606 0  @a政治制度
690    @aD521@v4
701  1 @a布赖斯@9bu lai si@bJ.@4著
701  1 @aBryce@bJames@4著
702  0 @a张慰慈@9zhang wei ci@4译
801  0 @aCN@bLZJBOOK@c20070708
905    @a10447@dD521@e164:1=2
    
    现代民治政体.上/(英)詹姆斯·布赖斯(James Bryce)著/张慰慈等译.-2版.-长春:吉林人民出版社,2005
    394页;20cm.-(人文译丛)
    
    
    ISBN 7-206-03621-X:CNY87.80(上中下)
    本书著者基于自己的从政经验与考察结论,对法国、瑞士、加拿大、美国、澳大利亚、新西兰六国民主政体进行了深刻的分析,对民主体制的内涵、趋势、优点与劣势进行了全面的概括。
●
相关链接 在E读中查询图书 在五车中查询图书 在当当中查询图书 在豆瓣中查询图书


正题名:现代民治政体     索取号:D521/164:1=2         预约/预借

序号 登录号 条形码 馆藏地/架位号 状态 备注
1 0557440   205574403   第一样本阅览室/ [索取号:D521/164:1=2] 在馆    
2 0557441   205574412   密集书库/ [索取号:D521/164:1=2] 在馆    
3 0557442   205574421   密集书库/ [索取号:D521/164:1=2] 在馆    
4 0557443   205574430   密集书库/ [索取号:D521/164:1=2] 在馆    
5 0557444   205574449   密集书库/ [索取号:D521/164:1=2] 在馆    
6 0557445   205574458   第一借阅区/ [索取号:D521/164:1=2] 在馆    
7 0557446   205574467   第一借阅区/ [索取号:D521/164:1=2] 在馆    
8 0557447   205574476   密集书库/ [索取号:D521/164:1=2] 在馆    
唐山师范学院图书馆 欢迎您!
大连网信软件有限公司© 版权所有